| 000 | 00820nam a2200277 i 4500 | ||
|---|---|---|---|
| 001 | 12717 | ||
| 003 | ES-MaACL | ||
| 005 | 20250605063104.0 | ||
| 007 | t| | ||
| 008 | 920820s1989 sp a |||| | spa d | ||
| 017 | _aM 18499-1989 | ||
| 020 | _a8486879175 | ||
| 040 | _cES-MaACL | ||
| 080 | _a946.41 M | ||
| 100 | 1 |
_aMontero Alonso, José, _d1904-2000 _982506 _eaut |
|
| 245 | 1 | 3 |
_aLa calle de Alcalá / _cJosé Montero Alonso. |
| 260 |
_aMadrid : _bKaydeda, _c[1989] |
||
| 300 |
_a191 p. : _bil. ; _c21 cm. |
||
| 490 | 1 | _aMatritum | |
| 650 | 7 |
_aCalles- _zMadrid _9146934 |
|
| 830 | 1 |
_aMatritum _9179356 |
|
| 852 |
_aES-MaACL _jL-20118 _cDEPO2 _xEncuadernación rústica con solapas |
||
| 942 |
_cMONOGRAFIA _n0 |
||
| 999 |
_c12717 _d12717 |
||